[Event "Benalmadena Rapid op 1st"]
[Site "Benalmadena"]
[Date "2023.02.25"]
[Round "1"]
[White "Cesar Maestre, Eduardo"]
[Black "Blanco Acevedo, Cristobal Jose"]
[Result "0-1"]
[WhiteElo "1643"]
[BlackElo "2325"]
[PlyCount "74"]
[EventDate "2023.02.25"]
[EventType "swiss (rapid)"]
[EventRounds "9"]
[EventCountry "ESP"]
[SourceTitle "EXT 2024"]
[Source "ChessBase"]
[SourceDate "2023.10.10"]
[SourceVersion "1"]
[SourceVersionDate "2023.10.10"]
[SourceQuality "1"]

1. e4 c5 2. Nc3 Nc6 3. Bb5 Nd4 4. Nf3 g6 5. 0-0 Bg7 6. Bc4 e6 7. Re1 Ne7 8. d3 d6 9. Bg5 0-0 10. Nxd4 cxd4 11. Ne2 h6 12. Bh4 g5 13. Bg3 e5 14. h4 Ng6 15. hxg5 hxg5 16. Nc1 Be6 17. Bxe6 fxe6 18. Qg4 Qe7 19. Nb3 Rac8 20. Rac1 Nf4 21. Nd2 Rc6 22. Nf3 Bf6 23. Nxd4 Rfc8 24. Bxf4 exd4 25. Re2 e5 26. Bg3 Kf8 27. Qf5 Ke8 28. f3 Kd8 29. Be1 Kc7 30. c4 Kb8 31. b4 R6c7 32. Rec2 g4 33. Qxg4 Rh8 34. c5 Qg7 35. Bg3 Rf7 36. Qxg7 Rxg7 37. f4 Rxg3 0-1

[Event "Benalmadena Rapid op 1st"]
[Site "Benalmadena"]
[Date "2023.02.25"]
[Round "2"]
[White "Demerson Joly, Javier"]
[Black "Cesar Maestre, Eduardo"]
[Result "0-1"]
[WhiteElo "1859"]
[BlackElo "1643"]
[PlyCount "46"]
[EventDate "2023.02.25"]
[EventType "swiss (rapid)"]
[EventRounds "9"]
[EventCountry "ESP"]
[SourceTitle "EXT 2024"]
[Source "ChessBase"]
[SourceDate "2023.10.10"]
[SourceVersion "1"]
[SourceVersionDate "2023.10.10"]
[SourceQuality "1"]

1. c4 c5 2. Nc3 Nc6 3. Nf3 g6 4. g3 Bg7 5. Bg2 e5 6. 0-0 d6 7. d3 Nge7 8. Ne1 0-0 9. Nc2 Nd4 10. Ne3 Nec6 11. a3 f5 12. Rb1 a5 13. Ned5 Kh8 14. e3 Ne6 15. b4 axb4 16. axb4 cxb4 17. Nxb4 Nxb4 18. Rxb4 Qa5 19. Rb5 Qc7 20. Nd5 Qf7 21. Nb6 Rb8 22. Bb2 Bd7 23. d4 Rfd8 0-1

[Event "ESP-ch U16 Rapid"]
[Site "Salobrena"]
[Date "2022.07.31"]
[Round "6"]
[White "Cesar Maestre, Eduardo"]
[Black "Martinez Soriano, Javier"]
[Result "0-1"]
[WhiteElo "1515"]
[BlackElo "1676"]
[PlyCount "48"]
[EventDate "2022.07.30"]
[EventType "swiss (rapid)"]
[EventRounds "9"]
[EventCountry "ESP"]
[SourceTitle "EXT 2023"]
[Source "ChessBase"]
[SourceDate "2022.10.05"]
[SourceVersion "1"]
[SourceVersionDate "2022.10.05"]
[SourceQuality "1"]

1. e4 e6 2. d4 d5 3. Nd2 c5 4. exd5 Qxd5 5. Bc4 Qxg2 6. Ndf3 Qxh1 7. Bf4 Nc6 8. d5 Nd4 9. Bf1 Nf6 10. Qd3 e5 11. Bxe5 Bf5 12. Qc3 Nxd5 13. Qc4 Nxf3+ 14. Nxf3 Qxf3 15. Qb5+ Bd7 16. Qxb7 Rd8 17. Bc7 Rc8 18. Bg3 Be7 19. Be2 Qh1+ 20. Bf1 0-0 21. 0-0-0 Bc6 22. Qxa7 Qf3 23. Bd3 Bg5+ 24. Rd2 Qh1+ 0-1